Geld Das magazin für Wirtschaft, Politik & Investmentprodukte

Salvato in:
Dettagli Bibliografici
Natura: Periodico
Lingua:tedesco
Pubblicazione: Wien 4profit Verlag
Soggetti:
Tags: Aggiungi Tag
Nessun Tag, puoi essere il primo ad aggiungerne!!

MARC

LEADER 00000nas1a2200000$$$4500
001 0066711
005 20260226082256.6
022 |a 0343-8724 
041 0 |a ger 
044 |a AT 
245 1 0 |a Geld  |b Das magazin für Wirtschaft, Politik & Investmentprodukte 
264 1 |a Wien  |b 4profit Verlag 
500 |a Do r. 2022 vychádzal 12x ročne 
610 2 0 |a trh finančný 
610 2 0 |a trh peňažný 
610 2 0 |a peniaze 
610 2 0 |a trh kapitálový 
610 2 0 |a Rakúsko